<?xml version="1.0" encoding="UTF-8"?>
<record
    xmlns:xsi="http://www.w3.org/2001/XMLSchema-instance"
    xsi:schemaLocation="http://www.loc.gov/MARC21/slim http://www.loc.gov/standards/marcxml/schema/MARC21slim.xsd"
    xmlns="http://www.loc.gov/MARC21/slim">

  <leader>01981nam a2200373 i 4500</leader>
  <controlfield tag="001">16228</controlfield>
  <controlfield tag="003">ES-MaACL</controlfield>
  <controlfield tag="005">20250813063257.0</controlfield>
  <controlfield tag="007">t|</controlfield>
  <controlfield tag="008">000711e1997    sp a   |r     00|00|spa j</controlfield>
  <datafield tag="017" ind1=" " ind2=" ">
    <subfield code="a">M 38148-1997 </subfield>
    <subfield code="b">Oficina Dep&#xF3;sito Legal Madrid </subfield>
  </datafield>
  <datafield tag="020" ind1=" " ind2=" ">
    <subfield code="a">84-7774-588-9</subfield>
  </datafield>
  <datafield tag="040" ind1=" " ind2=" ">
    <subfield code="a">M-BN </subfield>
    <subfield code="b">spa </subfield>
    <subfield code="c">M-BN</subfield>
  </datafield>
  <datafield tag="080" ind1=" " ind2=" ">
    <subfield code="a">7.034/.036</subfield>
  </datafield>
  <datafield tag="080" ind1=" " ind2=" ">
    <subfield code="a">7.017.2</subfield>
  </datafield>
  <datafield tag="100" ind1="1" ind2=" ">
    <subfield code="a">Baxandall, Michael,</subfield>
    <subfield code="d">1933-2008</subfield>
    <subfield code="e">aut</subfield>
    <subfield code="9">26639</subfield>
  </datafield>
  <datafield tag="245" ind1="1" ind2="4">
    <subfield code="a">Las sombras y el Siglo de las Luces / </subfield>
    <subfield code="c">Michel Baxandall ; [traducci&#xF3;n de Amaya Bozal Chamorro]</subfield>
  </datafield>
  <datafield tag="260" ind1=" " ind2=" ">
    <subfield code="a">Madrid : </subfield>
    <subfield code="b">Visor, </subfield>
    <subfield code="c">[1997]</subfield>
  </datafield>
  <datafield tag="300" ind1=" " ind2=" ">
    <subfield code="a">201 p&#xE1;ginas, [16] p&#xE1;ginas de l&#xE1;minas (color) ; </subfield>
    <subfield code="c">24 cm</subfield>
  </datafield>
  <datafield tag="490" ind1="1" ind2=" ">
    <subfield code="a">La balsa de la Medusa ;</subfield>
    <subfield code="v">88</subfield>
    <subfield code="9">178610</subfield>
  </datafield>
  <datafield tag="504" ind1=" " ind2=" ">
    <subfield code="a">Bibliograf&#xED;a: p&#xE1;ginas 187-195</subfield>
  </datafield>
  <datafield tag="520" ind1=" " ind2=" ">
    <subfield code="a">Este libro trata el problema de las sombras y su incidencia en nuestra experiencia visual. Yuxtapone las nociones de sombras propias de la modernidad y las del siglo XVIII con la intenci&#xF3;n de sacar partido de la tensi&#xF3;n que se establece entre ambas. No pretende hacer, y no lo hace, una definici&#xF3;n de sombras, pero atiende tanto a su pr&#xE1;ctica por los pintores cuanto a su explicaci&#xF3;n por los te&#xF3;ricos, y pone de manifiesto que no es un concepto negativo, una mera ausencia de luz. Aunque carece de un territorio espec&#xED;fico y permanente, no por ello es menos activa, no por ello deja de aportar conocimiento. Pensar c&#xF3;mo la sombra podr&#xED;a aportarnos conocimiento conlleva la tarea de determinar c&#xF3;mo y hasta qu&#xE9; punto lo hace</subfield>
  </datafield>
  <datafield tag="534" ind1=" " ind2=" ">
    <subfield code="a">Traducci&#xF3;n de: Shadows and enlightenment </subfield>
  </datafield>
  <datafield tag="650" ind1=" " ind2="4">
    <subfield code="a">Arte-</subfield>
    <subfield code="y">S.XVIII</subfield>
    <subfield code="9">10133</subfield>
  </datafield>
  <datafield tag="650" ind1=" " ind2="0">
    <subfield code="a">Arte-</subfield>
    <subfield code="y">S.XIX</subfield>
    <subfield code="9">233576</subfield>
  </datafield>
  <datafield tag="650" ind1=" " ind2="7">
    <subfield code="a">Sombras (Arte)</subfield>
    <subfield code="2">embne</subfield>
    <subfield code="9">11108</subfield>
  </datafield>
  <datafield tag="700" ind1="1" ind2=" ">
    <subfield code="a">Bozal, Amaya,</subfield>
    <subfield code="d">1972-</subfield>
    <subfield code="e">trl</subfield>
    <subfield code="9">31208</subfield>
  </datafield>
  <datafield tag="830" ind1=" " ind2="3">
    <subfield code="a">La balsa de la Medusa ;</subfield>
    <subfield code="v">88</subfield>
    <subfield code="9">178610</subfield>
  </datafield>
  <datafield tag="852" ind1=" " ind2=" ">
    <subfield code="a">ES-MaACL</subfield>
    <subfield code="b">R.128585</subfield>
    <subfield code="c">DEPO2</subfield>
    <subfield code="j">L-23455 </subfield>
  </datafield>
  <datafield tag="942" ind1=" " ind2=" ">
    <subfield code="2">udc</subfield>
    <subfield code="c">MONOGRAFIA</subfield>
    <subfield code="n">0</subfield>
  </datafield>
  <datafield tag="999" ind1=" " ind2=" ">
    <subfield code="c">16228</subfield>
    <subfield code="d">16228</subfield>
  </datafield>
  <datafield tag="952" ind1=" " ind2=" ">
    <subfield code="0">0</subfield>
    <subfield code="1">0</subfield>
    <subfield code="4">0</subfield>
    <subfield code="7">0</subfield>
    <subfield code="a">ATENEOM</subfield>
    <subfield code="b">ATENEOM</subfield>
    <subfield code="c">DEPO2</subfield>
    <subfield code="d">2008-01-17</subfield>
    <subfield code="e">SC</subfield>
    <subfield code="l">0</subfield>
    <subfield code="o">L-23455</subfield>
    <subfield code="p">1016490</subfield>
    <subfield code="r">2023-02-23 00:00:00</subfield>
    <subfield code="w">2023-02-23</subfield>
    <subfield code="y">MONOGRAFIA</subfield>
  </datafield>
</record>
